000 00578nam a2200181Ia 4500
003 IN-BaIIA
008 211028s9999 xx 000 0 eng d
020 _a978-0-691-13951-7
040 _cIIA Library
080 _a92:51
_bCOO
100 _aCook, Mariana
_933241
245 0 _aMathematicians: an outer view of the inner World
_cMariana Cook
260 _aPrinceton
_bPrinceton University Press
_c2009
300 _a200p.
650 _aBiography-Mathematicians
_933242
650 _aMathematicians-Biography
_933243
942 _cBK
999 _c17580
_d17580